MARC details
| 000 -LEADER |
| fixed length control field |
02236cam a22002654a 4500 |
| 008 - FIXED-LENGTH DATA ELEMENTS--GENERAL INFORMATION |
| fixed length control field |
|
| 020 ## - INTERNATIONAL STANDARD BOOK NUMBER |
| International Standard Book Number |
0415279585 (pbk.) |
| 049 ## - LOCAL HOLDINGS (OCLC) |
| Holding library |
MAIN |
| 090 ## - LOCALLY ASSIGNED LC-TYPE CALL NUMBER (OCLC); LOCAL CALL NUMBER (RLIN) |
| Classification number (OCLC) (R) ; Classification number, CALL (RLIN) (NR) |
HD75 |
| Local cutter number (OCLC) ; Book number/undivided call number, CALL (RLIN) |
NAT. |
| 003 - CONTROL NUMBER IDENTIFIER |
| control field |
|
| 005 - DATE AND TIME OF LATEST TRANSACTION |
| control field |
20230123122119.0 |
| 040 ## - CATALOGING SOURCE |
| Transcribing agency |
NUST |
| 245 00 - TITLE STATEMENT |
| Title |
Natural disasters and development in a globalizing world / |
| Statement of responsibility, etc. |
edited by Mark Pelling. |
| 260 ## - PUBLICATION, DISTRIBUTION, ETC. |
| Place of publication, distribution, etc. |
London ; |
| -- |
New York : |
| Name of publisher, distributor, etc. |
Routledge, |
| Date of publication, distribution, etc. |
2003. |
| 300 ## - PHYSICAL DESCRIPTION |
| Extent |
xv, 250 p. : |
| Other physical details |
ill. ; |
| Dimensions |
24 cm. |
| 500 ## - GENERAL NOTE |
| General note |
Includes index. |
| 504 ## - BIBLIOGRAPHY, ETC. NOTE |
| Bibliography, etc. note |
Includes bibliographical references. |
| 505 00 - FORMATTED CONTENTS NOTE |
| Miscellaneous information |
PART I. INTRODUCTION -- |
| Title |
Paradigms of risk / |
| Statement of responsibility |
Mark Pelling -- |
| Miscellaneous information |
PART II. GLOBAL PROCESSES AND ENVIRONMENTAL RISK -- |
| Title |
Does global environmental change cause vulnerability to disaster? / |
| Statement of responsibility |
W. Neil Adger, |
| -- |
Nick Brooks -- |
| Title |
Changes in capitalism and global shifts in the distribution of hazard and vulnerability / |
| Statement of responsibility |
Ben Wisner -- |
| Title |
Gender, disaster and development: the necessity for integration / |
| Statement of responsibility |
Maureen Fordham -- |
| Title |
Natural disasters, adaptive capacity and development in the twenty-first century / |
| Statement of responsibility |
Mohammed H.I. Dore, |
| -- |
David Etkin -- |
| Miscellaneous information |
PART III. INTERNATIONAL EXCHANGE AND VULNERABILITY -- |
| Title |
Actors in risk / |
| Statement of responsibility |
Ian Christoplos -- |
| Title |
Beyond disaster, beyond diplomacy / |
| Statement of responsibility |
Ilan Kelman -- |
| Title |
Insurance industry: can it cope with catastrophe? / |
| Statement of responsibility |
Julian E. Salt -- |
| Title |
PART IV. LOCAL CONTEXTS AND GLOBAL PRESSURES -- |
| -- |
Social construction of natural disaster: Egypt and the UK / |
| Statement of responsibility |
Jacqueline Homan -- |
| Title |
Understandings of catastrophe: the landslide at La Josefina, Ecuador / |
| Statement of responsibility |
Arthur Morris -- |
| Title |
Vulnerability reduction and the community-based approach: a Philippines study / |
| Statement of responsibility |
Katrina Allen -- |
| Title |
Risk regime change and political entrepreneurship: river management in the Netherlands and Bangladesh / |
| Statement of responsibility |
Jeroen Warner -- |
| Title |
Disaster as manifestation of unresolved development challenges: the Marmara earthquake, Turkey / |
| Statement of responsibility |
Aplaslan �eOzerdem -- |
| Title |
Ecological reconstruction of the upper reaches of the Yangtze river / |
| Statement of responsibility |
Chen Guojie -- |
| Title |
PART V. CONCLUSION -- |
| -- |
Emerging concerns / |
| Statement of responsibility |
Mark Pelling |
| 650 #0 - SUBJECT ADDED ENTRY--TOPICAL TERM |
| Topical term or geographic name entry element |
Economic development. |
| 650 #0 - SUBJECT ADDED ENTRY--TOPICAL TERM |
| Topical term or geographic name entry element |
Natural disasters. |
| 650 #0 - SUBJECT ADDED ENTRY--TOPICAL TERM |
| Topical term or geographic name entry element |
Globalization. |
| 700 1# - ADDED ENTRY--PERSONAL NAME |
| Personal name |
Pelling, Mark. |
| 907 ## - LOCAL DATA ELEMENT G, LDG (RLIN) |
| a |
.b10350664 |
| b |
24-11-14 |
| c |
24-11-14 |
| 942 ## - ADDED ENTRY ELEMENTS (KOHA) |
| Koha item type |
Ordinary Loan Books |
| Call number prefix |
HD75 |
| Call number suffix |
NAT. |